Introduction to chemical engineering (Record no. 20548)

MARC details
000 -LEADER
fixed length control field 00309nam a2200121Ia 4500
082 ## - DEWEY DECIMAL CLASSIFICATION NUMBER
Classification number 066
Item number BAD
100 ## - MAIN ENTRY--AUTHOR NAME
Personal name Banchero, Walter L
245 #0 - TITLE STATEMENT
Title Introduction to chemical engineering
260 ## - PUBLICATION, DISTRIBUTION, ETC. (IMPRINT)
Place of publication New York
Name of publisher McGraw Hill
Year of publication 1955
700 ## - ADDED ENTRY--PERSONAL NAME
Personal name Julius T
942 ## - ADDED ENTRY ELEMENTS (KOHA)
Koha item type Books
Holdings
Withdrawn status Lost status Damaged status Not for loan Home library Current library Date acquired Cost, normal purchase price Full call number Accession Number Koha item type
        RRII Library RRII Library 16/12/2021 18.50 066 BAD 01271 Books